Score 0/20 Timer 03:00
4 Plays Today
Actor Word % Correct
Alan RickmanRobin
98.4%
Anton YelchinStar
97.8%
Gene WilderWonka
97.4%
Alan RickmanDie
95.6%
Carrie FisherHarry
95.5%
Alan RickmanTodd
94.4%
Carrie FisherJedi
93.9%
Gene WilderEvil
93.4%
Carrie FisherDead
92.4%
Alan RickmanGoblet
92.3%
Actor Word % Correct
Gene WilderSaddles
87%
Carrie FisherBrothers
85.6%
Gene WilderYoung
83.7%
Anton YelchinNight
81.6%
Carrie FisherSisters
69.6%
Alan RickmanQuest
69%
Gene WilderStir
66.5%
Anton YelchinDog
49.9%
Anton YelchinTerminator
33.6%
Anton YelchinAlive
31.4%

Today's Daily Dose

Remove Ads.
Support Sporcle.
Get the best of Sporcle when you Go Orange. This ad-free experience offers more features, more stats, and more fun while also helping to support Sporcle. Thank you for becoming a member.

You're not logged in!

Compare scores with friends on all Sporcle quizzes.
OR
Log In

Show Comments

Extras

Top Quizzes Today


Score Distribution

Your Account Isn't Verified!

In order to create a playlist on Sporcle, you need to verify the email address you used during registration. Go to your Sporcle Settings to finish the process.

Report this User

Report this user for behavior that violates our Community Guidelines.

Details: